Starostlivosť o zákazníka a reklamácie diplomová práca

Salvato in:
Dettagli Bibliografici
Autore principale: Ďurechová, Jana
Ente Autore: Obchodná fakulta EU. Katedra marketingu
Altri autori: Dzurová, Mária
Natura: Libro
Lingua:slovacco
Pubblicazione: Bratislava 2009
Tags: Aggiungi Tag
Nessun Tag, puoi essere il primo ad aggiungerne!!

MARC

LEADER 00000nam$a2200000$$$4500
001 0097898
005 20240318135532.1
041 0 |a slo 
044 |a SK 
245 1 0 |a Starostlivosť o zákazníka a reklamácie  |b diplomová práca  |c Jana Ďurechová ; škol. Mária Dzurová 
264 1 |a Bratislava  |c 2009 
300 |a 65 s. 
100 1 |a Ďurechová, Jana 
700 1 |a Dzurová, Mária 
710 2 |a Obchodná fakulta EU. Katedra marketingu